English Football League Cup Winners — Sudden Death - Statistics

General Stats
  • This quiz has been taken 673 times
  • The average score is 12 of 24
Answers on the Grid
Answers color-coded by a green-red scale on the quiz's grid according to % correct below.
Arsenal
Aston Villa
Birmingham City
Blackburn Rovers
Bolton Wanderers
Bradford City
Burnley
Cardiff City
Chelsea
Crystal Palace
Derby County
Everton
Ipswich Town
Leeds United
Leicester City
Liverpool
Luton Town
Manchester City
Manchester United
Middlesbrough
Newcastle United
Norwich City
Nottingham Forest
Oldham Athletic
Oxford United
Queens Park Rangers
Rochdale
Rotherham United
Sheffield Wednesday
Southampton
Stoke City
Sunderland
Swansea City
Swindon Town
Tottenham Hotspur
Tranmere Rovers
West Bromwich Albion
West Ham United
Wigan Athletic
Wolverhampton Wanderers
 
Answer Stats
Answer % Correct
Arsenal
96%
Manchester City
87%
Liverpool
86%
Manchester United
86%
Chelsea
85%
Aston Villa
81%
Newcastle United
74%
Tottenham Hotspur
72%
Birmingham City
62%
Nottingham Forest
57%
Leeds United
48%
Blackburn Rovers
45%
Leicester City
43%
Middlesbrough
38%
Sheffield Wednesday
36%
Wolverhampton Wanderers
33%
Swansea City
28%
Norwich City
27%
Luton Town
24%
Oxford United
24%
West Bromwich Albion
22%
Queens Park Rangers
21%
Swindon Town
18%
Stoke City
14%
No matching quizzes found
Score Distribution
Percent of People with Each Score
Percentile by Number Answered
Your Score History
You have not taken this quiz